000 00509nam a2200205Ia 4500
005 20240823023655.0
008 240823s9999||||xx |||||||||||||| ||und||
020 _a9780-07-058369-6
041 _aENGLISH
082 _A620.112 P9
100 _a"Rajendran,V"
245 0 _aMaterials Science
250 _aIst
260 _c2009
_b"Tata Mcgraw Hill,New "
500 _aTRANSFERED
650 _aMaterials Science
_bAeronautical Engineering
700 _a" Marikani,A"
942 _cBK
999 _c182110
_d182110